الهندسة الوراثية للجميع / (Record no. 6820)
[ view plain ]
| 000 -الفاتح | |
|---|---|
| حقل البيانات ثابتة الطول | 01309nac a22003251i 4500 |
| 003 - محدد رقم الضبط | |
| رقم الضبط | EG-ScBUE |
| 005 - وقت وتاريخ اخر تعامل مع التسجيلة | |
| رقم الضبط | 20260428092754.0 |
| 008 - عناصر البيانات ثابتة الطول - معلومات عامة | |
| حقل البيانات ثابتة الطول | 100810s1996 ua fr 000 00 ara d000056521 |
| 017 ## - رقم الإيداع القانونى | |
| رقم الإيداع القانونى | 1996 / 7207 |
| 020 ## - الرقم الدولى المعيارى للكتب | |
| الرقم الدولى المعيارى للكتاب | 9770148539 |
| 040 ## - مصدر الفهرسة | |
| وكالة الفهرسة الأصلية | EG-ScBUE |
| لغة الفهرسة | ara |
| قواعد الوصف | rda |
| وكالة النسخ | EG-ScBUE |
| وكالة التعديل | EG-ScBUE |
| 041 1# - رمز اللغة | |
| رمز لغة النص/ المسارات الصوتية أو العنوان الانفرادي | ara |
| رمز لغة الترجمات و/او الاصلية المتوسطة للنص | eng |
| 082 04 - رقم تصنيف ديوى العشرى | |
| رقم التصنيف | 575.10724 |
| رقم المادة | ب ي ن |
| رقم الطبعة | 22 |
| 100 1# - المدخل الرئيسى - إسم شخصى | |
| الإسم الشخصى | بينز، وليام، |
| التواريخ المصاحبة للاسم | 1955-، |
| الدور | مؤلف. |
| 9 (RLIN) | 17322 |
| 245 12 - بيان العنوان | |
| العنوان | الهندسة الوراثية للجميع / |
| بيان المسئوليه,etc | وليم بنز ؛ ترجمة د. أحمد مستجير. |
| 264 #1 - النشر، التوزيع | |
| مكان الناشر او الموزع | القاهرة : |
| اسم الناشر او الموزع | الهيئة المصرية العامة للكتاب، |
| تاريخ النشر أو التوزيع | 1996. |
| 300 ## - الوصف المادى | |
| التعداد | 171 صفحة ؛ |
| أبعاد الوعاء | 18 سم. |
| 336 ## - نوع المحتوى | |
| source | rdacontent |
| Carrier Type Term | نص |
| Content Type Code | txt |
| 337 ## - نوع الوسيط | |
| source | rdamedia |
| Media Type Term | بدون وسيط |
| Media Type Code | n |
| 338 ## - نوع الحامل أو الناقل | |
| source | rdacarrier |
| Carrier Type Term | مجلد |
| Carrier Type Code | nc |
| 490 0# - بيان السلسلة | |
| عنوان السلسلة | مكتبة الأسرة. |
| -- | الأعمال الفكرية |
| 541 ## - تبصرة المصدر المباشر للتزويد | |
| طريقة التزويد | Donations ; |
| مصدر التزويد | Bibliotheca Alexandrina. |
| 546 ## - تبصرة اللغة | |
| تبصرة اللغة | النص باللغة الإنجليزية ؛ وقد تم ترجمته إلى العربية. |
| 650 #7 - المدخل الاضافى بالموضوع-مصطلح موضوعى | |
| مصطلح موضوعي أو اسم جغرافي كعنصر مدخل | الهندسة الوراثية. |
| مصدر الرأس أو المصطلح | BUEsh |
| 9 (RLIN) | 16950 |
| 650 #7 - المدخل الاضافى بالموضوع-مصطلح موضوعى | |
| مصطلح موضوعي أو اسم جغرافي كعنصر مدخل | الوراثة. |
| مصدر الرأس أو المصطلح | BUEsh |
| 9 (RLIN) | 16693 |
| 653 ## - مصطلح تكشيفى غير مقيد | |
| Resource For college | Engineering, General |
| Arrived date list | November2022 |
| 655 ## - مصطلح تكشيفى-نوع/شكل | |
| التقسيم الفرعي الشكلي | Reading book |
| 700 1# - المدخل الاضافى - اسم شخصى | |
| الإسم الشخصى | مستجير، أحمد، |
| التواريخ المصاحبة للاسم | 1934-2006، |
| الدور | مترجم. |
| 9 (RLIN) | 17323 |
| 942 ## - عناصر المدخل الإضافي( كوها) | |
| Koha [default] item type | Book - Borrowing |
| مصدر التصنيف او مخطط الترفيف | Dewey Decimal Classification |
| حالة التراجع | حالة الفقد | مصدر التصنيف او خطة الترفيف | حالة تلف | ليس للاعارة | مجموعات كوها | المكان الدائم | المكان الحالي | موقع الترفيف | تاريخ الاكتساب | Source of acquisition | رقم الاستدعاء | الباركود | Date last seen | نوع الوعاء |
|---|---|---|---|---|---|---|---|---|---|---|---|---|---|---|
| Dewey Decimal Classification | Donation-Gift | Central Library | Central Library | First floor | 10/08/2010 | Donation | 575.10724 ب ي ن | 000008447 | 15/07/2025 | Book - Borrowing | ||||
| Dewey Decimal Classification | Donation-Gift | Central Library | Central Library | First floor | 24/11/2022 | Donation | 575.10724 ب ي ن | 000056521 | 15/07/2025 | Book - Borrowing |